Silver on the Tree / (Record no. 4845)

MARC details
000 -LEADER
fixed length control field 00958nam a22002897a 4500
001 - CONTROL NUMBER
control field 4845
003 - CONTROL NUMBER IDENTIFIER
control field FISKH
005 - DATE AND TIME OF LATEST TRANSACTION
control field 20241017150846.0
008 - FIXED-LENGTH DATA ELEMENTS--GENERAL INFORMATION
fixed length control field 241017b cb ||||| |||| 00| 0 eng d
020 ## - INTERNATIONAL STANDARD BOOK NUMBER
International Standard Book Number 9781416949688
040 ## - CATALOGING SOURCE
Original cataloging agency FISKH
Language of cataloging eng
Transcribing agency FISKH
Modifying agency FISKH
050 ## - LIBRARY OF CONGRESS CALL NUMBER
Classification number PZ7.C7878
082 ## - DEWEY DECIMAL CLASSIFICATION NUMBER
Classification number 823.914
100 ## - MAIN ENTRY--PERSONAL NAME
Personal name Cooper, Susan
245 ## - TITLE STATEMENT
Title Silver on the Tree /
Statement of responsibility, etc. by Susan Cooper
260 ## - PUBLICATION, DISTRIBUTION, ETC.
Place of publication, distribution, etc. New York :
Name of publisher, distributor, etc. Simon Pulse ;
Date of publication, distribution, etc. 1977 .
300 ## - PHYSICAL DESCRIPTION
Extent 274 pages :
Other physical details illustrations ;
Dimensions 20 cm .
490 ## - SERIES STATEMENT
Series statement The Dark is Rising Sequence
Volume/sequential designation Book 5
505 ## - FORMATTED CONTENTS NOTE
Formatted contents note Y <br/>
520 ## - SUMMARY, ETC.
Summary, etc. Jane's invitation to witness the making of the Greenwitch begins a series of sinister events in which she and her two brothers help the Old Ones recover the grail stolen by the Dark.<br/>▾Members
521 8# - TARGET AUDIENCE NOTE
Target audience note 890 <br/>
Source Lexile <br/>
521 8# - TARGET AUDIENCE NOTE
Target audience note Y <br/>
Source Raz-Plus <br/>
650 ## - SUBJECT ADDED ENTRY--TOPICAL TERM
Topical term or geographic name entry element fantasy
Form subdivision fiction
700 ## - ADDED ENTRY--PERSONAL NAME
Personal name Julie, Dillon
Relator term artist
942 ## - ADDED ENTRY ELEMENTS (KOHA)
Source of classification or shelving scheme Dewey Decimal Classification
Koha item type Books
Suppress in OPAC No
Holdings
Withdrawn status Lost status Source of classification or shelving scheme Damaged status Not for loan Collection Home library Current library Shelving location Date acquired Total Checkouts Full call number Barcode Date last seen Date last checked out Price effective from Koha item type
    Dewey Decimal Classification     Fiction Footprints International School Library Network Toul Tom Poung Campus Footprints International School Library Network Toul Tom Poung Campus TTP Secondary Fiction Bookshelves 10/17/2024 1 COO 823.914 PZ7.C7878 FIS03195 12/02/2025 11/25/2025 10/17/2024 Books